| 000 | 00504nam a22001337a 4500 | ||
|---|---|---|---|
| 082 | _aMSCS-2 USM | ||
| 100 |
_aKhalid Usman _928892 |
||
| 245 | _aBrain Tumor Segmentation from Multi-modality MRI Scans Using Machine Learning | ||
| 260 |
_aIslamabad _bNUST-SEECS _c2015 |
||
| 300 |
_a47p. _bill.; _eCD ROM |
||
| 500 | _aSupervisors: Dr. Kashif Mahmood Rajpoot, Dr. Muhammad Muneeb ullah, Dr. Rafia Mumtaz, Dr. Moazam Faraz | ||
| 856 | _uhttp://10.250.8.41:8080/xmlui/handle/123456789/8254 | ||
| 942 |
_cPR _2ddc |
||
| 999 |
_c13451 _d13451 |
||